000 00666nam a2200253Ia 4500
005 20260306145455.0
008 008 260114s9999 xx 000 0 eng d
020 _a9781399512558
037 _aEbook
040 _aCRL
040 _beng
040 _cCRL
041 _2eng
041 _aeng
084 _qCRL
100 _aOng, Jade Munslow;van der Vlies, Andrew
_91123831
245 0 _aOlive Schreiner : writing networks and global contexts
260 _bEdinburgh University Press (EUP)
260 _c2023
650 _aLiterary Studies
856 _uhttps://www.degruyter.com/isbn/9781399512558
942 _cEBOOK
999 _c1688667
_d1688667